LEADER 01258nam0 2200301 450 001 000028829 005 20120329140230.0 010 $a978-88-13-29926-2 100 $a20120329d2010----km-y0itay50------ba 101 0 $aita 102 $aIT 105 $ay-------001yy 200 1 $aIstituzioni culturali e valore "creato" per il territorio$fa cura di Claudio Bocci e Giuseppe Catturi 210 $aPadova$cCedam$dc2010 215 $aIX, 335 p.$d24 cm 225 2 $aStudi di ragioneria e di economia aziendale. Serie Monografie$v69 300 $aIn testa al frontespizio: Laboratorio di amministrazione e controllo aziendale, Università degli studi di Siena; Federculture 410 0$12001$aStudi di ragioneria e di economia aziendale. Serie Monografie 500 10$aIstituzioni culturali e valore "creato" per il territorio$958048 610 1 $aAccademie e istituti culturali$aOrganizzazione 676 $a060$v22$9Accademie e istituti culturali fondazioni congressi 702 1$aBocci,$bClaudio 702 1$aCatturi,$bGiuseppe 801 0$aIT$bUNIPARTHENOPE$c20120329$gRICA$2UNIMARC 912 $a000028829 951 $a060-I/1$b43608$cNAVA1$d2012 996 $aIstituzioni culturali e valore "creato" per il territorio$958048 997 $aUNIPARTHENOPE LEADER 01762nam0 22003491i 450 001 UON00422828 005 20231205104833.725 010 $a978-90-429-2525-0 100 $a20130417d2012 |0itac50 ba 101 $aeng 102 $aBE 105 $a|||| 1|||| 200 1 $aHappiness for mankid$eAchaemenian religion and the imperial project$fBy Bruce Lincoln 210 $aLeuven$cPeeters$d2012 215 $aXXI, 554 p.$cill.$d25 cm 311 $aIR VII 030 N$9UON00000273 410 0$1001UON00000273$12001 $aActa Iranica$eEncyclopédie permanente des études iraniennes$1300 $aDal 1979 pubblicata dal Centre International d'Etudes Indo-iraniennes di Liegi, poi Peeters$v53 IR VII 030 N 606 $aRELIGIONE$xIRAN$xPERIODO ACHEMENIDE$3UONC006275$2FI 606 $aDINASTIA ACHEMENIDE$x(559-330 a.C)$xRELIGIONE$3UONC084263$2FI 620 $aBE$dLouvain$3UONL000316 686 $aIR VII$cIRAN ANTICO - FILOSOFIA E RELIGIONE$2A 700 1$aLINCOLN$bBruce$3UONV000014$0260225 712 $aPeeters$3UONV245906$4650 801 $aIT$bSOL$c20240220$gRICA 899 $aSIBA - SISTEMA BIBLIOTECARIO DI ATENEO$2UONSI 912 $aUON00422828 950 $aSIBA - SISTEMA BIBLIOTECARIO DI ATENEO$dSI IR VII 030 N $eSI 5946 6 030 N 951 $aSIBA - SISTEMA BIBLIOTECARIO DI ATENEO$bSI201369 1J 20130423Rossi Prin 2009 966 $aICONOGRAFIA ACHEMENIDE$yRELIGIONE - IRAN - PERIODO ACHEMENIDE$3UONC006277 966 $aZOROASTRISMO - PERIODO ACHEMENIDE$yRELIGIONE - IRAN - PERIODO ACHEMENIDE$3UONC000925 996 $aHappiness for mankid$91334549 997 $aUNIOR